Κατάλογος Βιβλιοθηκών Mediterranean College

FCE / Use of English (Record no. 4214)

MARC details
000 -LEADER
fixed length control field 01182cam a22001934a 4500
005 - ΗΜΕΡΟΜΗΝΙΑ ΚΑΙ ΩΡΑ ΤΕΛΕΥΤΑΙΑΣ ΕΝΗΜΕΡΩΣΗΣ
Πεδίο ελέγχου 20250605164139.0
008 - FIXED-LENGTH DATA ELEMENTS--GENERAL INFORMATION
Πεδίο ελέγχου σταθερού μήκους 250528s ||||||||||||||||||||||||d
035 ## - SYSTEM CONTROL NUMBER
System control number 18913
020 ## - ISBN
ISBN 9607212134
040 ## - ΠΗΓΗ ΚΑΤΑΛΟΓΟΓΡΑΦΗΣΗΣ
Φορέας πρωτότυπης καταλογογράφησης MC Athens Campus Library
Γλώσσα καταλογογράφησης Ελληνικά, Μοντέρνα (1453-)
Modifying agency MC Athens Campus Library
Κανόνες περιγραφικής καταλογογράφησης AACR2
245 1# - ΤΙΤΛΟΣ ΚΑΙ ΔΗΛΩΣΗ ΥΠΕΥΘΥΝΟΤΗΤΑΣ
Τίτλος FCE / Use of English
260 ## - PUBLICATION, DISTRIBUTION, ETC.
Name of publisher, distributor, etc. Express Publishing,
Date of publication, distribution, etc. 1988
300 ## - PHYSICAL DESCRIPTION
Extent 320
520 ## - SUMMARY, ETC.
Summary, etc. This practical book is intended for students preparing for FCE. Modals, Prepositions of Time and Place and Movement, Infinitive - Too/ Enough, Gerund, Clauses of Purpose, Clauses of Result, Conditionals, Wishes, Indirect Speech, Comparisons, Passive Voice, Inversion, Causative Form, Relatives, Clauses of Concession, Time Clauses, Clauses of Reason, Clauses of Place, Exclamatory Sentences, Miscellaneous Points, Words Often Confused, Participles, The Definite Article ''The'', The Indefinite Article ''A, An'', Nouns, One/ Ones, Do-Make, As-Like, Clauses of Manner, Question Tags, Adjectives, Adverbs, Tenses, Joining Sentences, Word Building, Verbal Constructions, Phrasal Verbs, Punctuation, Transformation, Irregular Verbs.
700 1# - ΠΡΟΣΘΕΤΗ ΑΝΑΓΡΑΦΗ--ΦΥΣΙΚΟ ΠΡΟΣΩΠΟ
Personal name Pagoulatou-Vlachou V
9 (RLIN) 5194
942 ## - ADDED ENTRY ELEMENTS (KOHA)
Koha item type Books
Holdings
Τύπος τεκμηρίου Βιβλιοθήκη Τρέχουσα τοποθεσία Barcode Αριθμός εισαγωγής Ημερομηνία απόκτησης Ταξιθετικό σύμβολο Αριθμός αντιτύπου Κατάσταση απόσυρσης Κατάσταση χαμένου Κατάσταση κατεστραμμένου Μη δανεισμός Σύνολο δανεισμών Ημερομηνία τελευταίας εμφάνισης Η τιμή ισχύει από
Books MC Athens Campus Library MC Athens Campus Library 9780000042132 3836 05/06/2025 425 PAG 1           05/06/2025 05/06/2025

MC Athens Campus Library
Πατησίων 94 & Κοδριγκτώνος 13, 104 34
Πελλήνης 8 & Πατησίων 107, 112 51
Τ: +30 210 8899600

MC Thessaloniki Campus Library
Ίωνος Δραγούμη 21, 54625 | Ίωνος Δραγούμη 15, 54625
Τ: +30 2310 287779 – Τ: +30 2314 440300